<Les> fondements du contrôle de gestion
Uložené v:
| Hlavný autor: | |
|---|---|
| Médium: | Kniha |
| Jazyk: | French |
| Vydavateľské údaje: |
Paris
Presses Universitaires de France
1994
|
| Edícia: | que sais - je ?
|
| Predmet: | |
| Tagy: |
Žiadne tagy, Buďte prvý, kto otaguje tento záznam!
|
MARC
| LEADER | 00000nam$a2200000$$$4500 | ||
|---|---|---|---|
| 001 | 0115939 | ||
| 005 | 20240111124609.3 | ||
| 020 | |a 2-13-046547-1 | ||
| 041 | 0 | |a fre | |
| 044 | |a FR | ||
| 245 | 1 | 0 | |a <Les> fondements du contrôle de gestion |c Henri Bouquin |
| 264 | 1 | |a Paris |b Presses Universitaires de France |c 1994 | |
| 300 | |a 127 s. | ||
| 490 | 1 | |a que sais - je ? | |
| 830 | 0 | |a que sais - je ? | |
| 610 | 2 | 0 | |a priemysel |
| 610 | 2 | 0 | |a riadenie podnikové |
| 610 | 2 | 0 | |a manažment |
| 610 | 2 | 0 | |a kontrola riadenia |
| 610 | 2 | 0 | |a modely |
| 100 | 1 | |a Bouquin, Henri | |